Kelet Népe. - 16.évf. (1924) Különkiadás
Elmentve itt :
| Dokumentumtípus: | Folyóirat |
|---|---|
| Megjelent: |
1924
|
| Sorozat: | Kelet Népe : politikai, közgazdasági és irodalmi szemle
16 |
| Online Access: | http://misc.bibl.u-szeged.hu/49133 |
| LEADER | 00500nas a2200133 i 4500 | ||
|---|---|---|---|
| 001 | misc49133 | ||
| 005 | 20200414125109.0 | ||
| 008 | 200414s1924 hu o 0|| zxx d | ||
| 040 | |a SZTE Miscellanea Repozitórium |b hun | ||
| 041 | |a zxx | ||
| 245 | 0 | 0 | |a Kelet Népe. - 16.évf. (1924) Különkiadás |h [elektronikus dokumentum] |
| 260 | |c 1924 | ||
| 490 | 0 | |a Kelet Népe : politikai, közgazdasági és irodalmi szemle |v 16 | |
| 856 | 4 | 0 | |u http://misc.bibl.u-szeged.hu/49133/1/kelet_nepe_1924_kulon_kiadas.pdf |z Dokumentum-elérés |